Les meilleurs buteurs de Liga en 2025 - Statistiques

Statistiques générales
  • Ce quiz a été pris 92 fois
  • Le résultat moyen est 6 sur 10
Statistiques - réponses
Classement Club Nombre de buts Joueurs % Correct
1 Real Madrid 39 buts Kylian Mbappé
100%
2 FC Barcelone 19 buts Robert Lewandowski
92%
7 FC Barcelone 14 buts Raphinha
91%
3 Atlético de Madrid 19 buts Julian Alvarez
90%
4 FC Barcelone 18 buts Ferran Torres
83%
6 Atlético de Madrid 16 buts Alexander Sorloth
69%
5 Osasuna 17 buts Ante Budimir
43%
9 RCD Mallorca 13 buts Vedat Muriqi
36%
10 Celta Vigo 12 buts Borja Iglesias
20%
8 Villarreal 13 buts Ayoze Perez
17%
Aucun quiz correspondant
Distribution des résultats
% des personnes avec chaque résultat
Percentile par nombre de réponses
Votre historique - résultats
Vous n’avez pas pris ce quiz